<?xml version="1.0" encoding="UTF-8"?>
<record
    xmlns:xsi="http://www.w3.org/2001/XMLSchema-instance"
    xsi:schemaLocation="http://www.loc.gov/MARC21/slim http://www.loc.gov/standards/marcxml/schema/MARC21slim.xsd"
    xmlns="http://www.loc.gov/MARC21/slim">

  <leader>01851nam a22003377a 4500</leader>
  <datafield tag="999" ind1=" " ind2=" ">
    <subfield code="c">358153</subfield>
    <subfield code="d">358153</subfield>
  </datafield>
  <controlfield tag="003">IT-MiSPE</controlfield>
  <controlfield tag="005">20200317152311.0</controlfield>
  <controlfield tag="008">190321b           ||||| |||| 00| 0 eng d</controlfield>
  <datafield tag="020" ind1=" " ind2=" ">
    <subfield code="a">887016484</subfield>
    <subfield code="c">19.50 EUR</subfield>
  </datafield>
  <datafield tag="040" ind1=" " ind2=" ">
    <subfield code="a">IT-MiSPE</subfield>
    <subfield code="b">ita</subfield>
    <subfield code="c">IT-MiSPE</subfield>
  </datafield>
  <datafield tag="041" ind1=" " ind2=" ">
    <subfield code="h">eng</subfield>
  </datafield>
  <datafield tag="082" ind1=" " ind2=" ">
    <subfield code="a">225.924-GOU mi du (axa 23223)</subfield>
  </datafield>
  <datafield tag="100" ind1=" " ind2=" ">
    <subfield code="a">Michael Goulder</subfield>
    <subfield code="d">1927-2010</subfield>
    <subfield code="e">autore</subfield>
    <subfield code="9">57635</subfield>
  </datafield>
  <datafield tag="240" ind1=" " ind2=" ">
    <subfield code="a">A Tale of Two Missions</subfield>
    <subfield code="l">eng</subfield>
  </datafield>
  <datafield tag="245" ind1=" " ind2=" ">
    <subfield code="a">Le due missioni /</subfield>
    <subfield code="b">Pietro e Paolo</subfield>
    <subfield code="c">a cura di Sergio Ronchi</subfield>
  </datafield>
  <datafield tag="260" ind1=" " ind2=" ">
    <subfield code="a">Torino :</subfield>
    <subfield code="b">Claudiana,</subfield>
    <subfield code="c">2006</subfield>
  </datafield>
  <datafield tag="300" ind1=" " ind2=" ">
    <subfield code="a">224 p. ;</subfield>
    <subfield code="c">21 cm</subfield>
  </datafield>
  <datafield tag="490" ind1=" " ind2=" ">
    <subfield code="a">Piccolo biblioteca teologica</subfield>
    <subfield code="v">72</subfield>
  </datafield>
  <datafield tag="504" ind1=" " ind2=" ">
    <subfield code="a">Bibliografia (pp. 221-222)</subfield>
  </datafield>
  <datafield tag="520" ind1=" " ind2=" ">
    <subfield code="a">Goulder intende dimostrare su basi scientifiche che, per quanto si possa risalire indietro nel tempo, non si trova una chiesa unica e unita, bens&#xEC; due distinte iniziative missionarie: quella condotta da Pietro, indirizzata agli ebrei, e quella guidata da Paolo, rivolta ai pagani. Due missioni che, pur avendo in comune l'assoluta centralit&#xE0; della figura di Ges&#xF9;, erano in disaccordo su molteplici questioni. Goulder ci mostra come una lettura attenta e critica del Nuovo Testamento non possa prescindere dalla consapevolezza che ad affermarsi &#xE8; stata la missione paolina - per l'appunto massicciamente rappresentata in quelle pagine - cos&#xEC; come dalla conoscenza di quella di Pietro.</subfield>
  </datafield>
  <datafield tag="546" ind1=" " ind2=" ">
    <subfield code="a">Traduzione di Aldo Comba</subfield>
  </datafield>
  <datafield tag="600" ind1=" " ind2=" ">
    <subfield code="a">Petrus Apostolus</subfield>
    <subfield code="9">57636</subfield>
  </datafield>
  <datafield tag="600" ind1=" " ind2=" ">
    <subfield code="2">Paulus Apostolus</subfield>
  </datafield>
  <datafield tag="630" ind1=" " ind2=" ">
    <subfield code="a">Biblia</subfield>
    <subfield code="l">ita</subfield>
    <subfield code="9">57637</subfield>
  </datafield>
  <datafield tag="655" ind1=" " ind2=" ">
    <subfield code="a">Sacra Scrittura. Studi sul Nuovo Testamento</subfield>
    <subfield code="x">Pietro. Studi e teologia</subfield>
    <subfield code="9">57638</subfield>
  </datafield>
  <datafield tag="655" ind1=" " ind2=" ">
    <subfield code="a">Sacra Scrittura. Studi sul Nuovo Testamento</subfield>
    <subfield code="x">Paolo. Studi e teologia</subfield>
    <subfield code="9">56750</subfield>
  </datafield>
  <datafield tag="700" ind1=" " ind2=" ">
    <subfield code="a">Ronchi, Sergio</subfield>
    <subfield code="e">cur.</subfield>
    <subfield code="9">57639</subfield>
  </datafield>
  <datafield tag="700" ind1=" " ind2=" ">
    <subfield code="a">Comba, Aldo</subfield>
    <subfield code="e">tr.</subfield>
    <subfield code="9">57640</subfield>
  </datafield>
  <datafield tag="830" ind1=" " ind2=" ">
    <subfield code="a">Piccola biblioteca teologica</subfield>
    <subfield code="l">ita</subfield>
    <subfield code="9">57641</subfield>
  </datafield>
  <datafield tag="942" ind1=" " ind2=" ">
    <subfield code="2">ddc</subfield>
    <subfield code="c">BK</subfield>
  </datafield>
  <datafield tag="952" ind1=" " ind2=" ">
    <subfield code="0">0</subfield>
    <subfield code="1">0</subfield>
    <subfield code="2">ddc</subfield>
    <subfield code="4">0</subfield>
    <subfield code="6">225_000000000000000_924GOU_MI_DU_AXA_23223</subfield>
    <subfield code="7">1</subfield>
    <subfield code="a">CINISELLO</subfield>
    <subfield code="b">CINISELLO</subfield>
    <subfield code="d">2019-03-21</subfield>
    <subfield code="l">0</subfield>
    <subfield code="o">225.924-GOU mi du (axa 23223)</subfield>
    <subfield code="p">9788870164845</subfield>
    <subfield code="r">2019-03-21 00:00:00</subfield>
    <subfield code="w">2019-03-21</subfield>
    <subfield code="y">BK</subfield>
  </datafield>
</record>
